[Event "XIX MIEDZYNARODOWY FESTIWAL SZACHOWY  KO"]
[Site "Rewal"]
[Date "2014.08.19"]
[Round "1.6"]
[White "Sivuk, Vitaly"]
[Black "Guzik, Jolanta"]
[Result "1-0"]
[WhiteElo "2475"]
[BlackElo "2040"]
[PlyCount "67"]
[EventDate "2014.??.??"]

1. e4 e5 2. Nf3 Nc6 3. Bb5 Nge7 4. c3 g6 5. d4 exd4 6. cxd4 d5 7. exd5 Nxd5 8.
O-O Bg7 9. h3 O-O 10. Nc3 Nce7 11. Re1 c6 12. Bc4 h6 13. Ne5 Bf5 14. Qb3 Rb8
15. Bd2 Kh7 16. Rac1 f6 17. Nf3 Qd7 18. Qa3 Rfe8 19. Nxd5 cxd5 20. Bb3 Nc6 21.
Rxe8 Rxe8 22. Ba4 Bf8 23. Bxc6 bxc6 24. Bb4 Bxb4 25. Qxb4 g5 26. Nd2 Re2 27.
Qc3 Bg6 28. Nb3 Qf5 29. Rf1 Qc2 30. Qb4 Qxb2 31. Qb7+ Kg8 32. Qxc6 Qxa2 33.
Qxf6 Bf7 34. Nc1 1-0

[Event "XIX MIEDZYNARODOWY FESTIWAL SZACHOWY  KO"]
[Site "Rewal"]
[Date "2014.08.19"]
[Round "1.7"]
[White "Krainski, Slawomir"]
[Black "Wiewesiek, Timo"]
[Result "1-0"]
[WhiteElo "2033"]
[BlackElo "1775"]
[PlyCount "71"]
[EventDate "2014.??.??"]

1. d4 Nf6 2. c4 e6 3. Nc3 d5 4. cxd5 exd5 5. Bg5 c6 6. e3 Bd6 7. Bd3 Nbd7 8.
Nge2 Qc7 9. Qc2 a6 10. h3 b5 11. a3 Bb7 12. O-O c5 13. dxc5 Bxc5 14. Rac1 Rc8
15. b4 Bd6 16. Bf5 Qc4 17. Qd2 O-O 18. Bxf6 Nxf6 19. Bxc8 Qxc8 20. Nxb5 Qe6 21.
Nxd6 Qxd6 22. Qd4 Ne4 23. Rfd1 Qg6 24. Rc7 Ba8 25. Rdc1 Qf5 26. f3 Ng5 27. Nf4
h6 28. h4 Ne6 29. Nxe6 Qxe6 30. Qc3 Kh7 31. Kf2 d4 32. Qxd4 Re8 33. R1c3 Qa2+
34. Kg3 Re6 35. h5 Qb1 36. Qd3+ 1-0

[Event "XIX MIEDZYNARODOWY FESTIWAL SZACHOWY  KO"]
[Site "Rewal"]
[Date "2014.08.19"]
[Round "1.8"]
[White "Bures, Jaroslav"]
[Black "Smieszek, Wojciech"]
[Result "0-1"]
[WhiteElo "2410"]
[BlackElo "2031"]
[PlyCount "64"]
[EventDate "2014.??.??"]

1. d4 Nf6 2. c4 c5 3. d5 e6 4. Nc3 exd5 5. cxd5 d6 6. g3 g6 7. Bg2 Bg7 8. Nf3
O-O 9. O-O Re8 10. Nd2 Nbd7 11. a4 a6 12. Nc4 Ne5 13. Na3 Nh5 14. e4 f5 15.
exf5 Bxf5 16. h3 Bd3 17. Re1 c4 18. g4 Nf6 19. Be3 Nf7 20. a5 Nd7 21. Qa4 Rc8
22. Qb4 Qh4 23. Qxb7 Nde5 24. Qxa6 Nxg4 25. Qxc8 Rxc8 26. hxg4 Ne5 27. Bf4 Qxg4
28. Bxe5 Bxe5 29. Rxe5 dxe5 30. Nab5 Be2 31. Ne4 Rf8 32. Ra3 c3 0-1

[Event "XIX MIEDZYNARODOWY FESTIWAL SZACHOWY  KO"]
[Site "Rewal"]
[Date "2014.08.19"]
[Round "1.9"]
[White "Faron, Rafal"]
[Black "Voloshin, Leonid"]
[Result "0-1"]
[WhiteElo "2021"]
[BlackElo "2403"]
[PlyCount "68"]
[EventDate "2014.??.??"]

1. d4 Nf6 2. c4 c5 3. d5 e5 4. Nc3 d6 5. e4 g6 6. Be2 Bg7 7. Nf3 O-O 8. O-O Ne8
9. Rb1 f5 10. Ne1 Nf6 11. Bg5 h6 12. Bxf6 Qxf6 13. b4 cxb4 14. Rxb4 Na6 15. Rb2
Nc5 16. f3 h5 17. Na4 Bh6 18. Nxc5 Be3+ 19. Kh1 Bxc5 20. Nd3 Bd4 21. Rc2 b6 22.
f4 Bd7 23. fxe5 Bxe5 24. Rc1 f4 25. g3 Bh3 26. Rf2 Qe7 27. gxf4 Bxf4 28. Rxf4
Rxf4 29. e5 Rf5 30. e6 Raf8 31. Qd2 Qg5 32. Qxg5 Rxg5 33. Rg1 Rxg1+ 34. Kxg1 a5
0-1

[Event "XIX MIEDZYNARODOWY FESTIWAL SZACHOWY  KO"]
[Site "Rewal"]
[Date "2014.08.19"]
[Round "1.10"]
[White "Meribanov, Vitaly"]
[Black "Mucha, Piotr"]
[Result "1-0"]
[WhiteElo "2395"]
[BlackElo "2019"]
[PlyCount "34"]
[EventDate "2014.??.??"]

1. e4 c5 2. Nc3 a6 3. Nf3 d6 4. d4 cxd4 5. Nxd4 Nf6 6. Be2 e5 7. Nb3 Be7 8. O-O
O-O 9. Kh1 Nc6 10. Be3 Be6 11. Bf3 a5 12. Nd5 a4 13. Nd2 Bxd5 14. exd5 Nb4 15.
c4 Nd7 16. Be4 f5 17. Bb1 Nb6 1-0

[Event "XIX MIEDZYNARODOWY FESTIWAL SZACHOWY  KO"]
[Site "Rewal"]
[Date "2014.08.19"]
[Round "1.11"]
[White "Tomaszewski, Kacper"]
[Black "Licznerski, Lukasz"]
[Result "0-1"]
[WhiteElo "2017"]
[BlackElo "2360"]
[PlyCount "66"]
[EventDate "2014.??.??"]

1. d4 Nf6 2. c4 g6 3. Nc3 d5 4. Nf3 Bg7 5. h4 dxc4 6. e4 Bg4 7. d5 c6 8. Bxc4
cxd5 9. Bb5+ Nbd7 10. e5 Ne4 11. Qxd5 Nxc3 12. bxc3 O-O 13. Bf4 Bxf3 14. Qxf3
Nxe5 15. Qg3 Qa5 16. a4 Nc6 17. Bd2 Rfd8 18. h5 a6 19. hxg6 hxg6 20. Be2 Qe5
21. Rb1 Qxg3 22. fxg3 Rd7 23. Bg4 e6 24. Rc1 Ne5 25. Be2 Nd3+ 26. Bxd3 Rxd3 27.
Bh6 Rxg3 28. Bxg7 Kxg7 29. Kf2 Rg4 30. Rb1 Rc8 31. Rh3 Rc7 32. a5 Ra4 33. Rbh1
Rxa5 0-1

[Event "XIX MIEDZYNARODOWY FESTIWAL SZACHOWY  KO"]
[Site "Rewal"]
[Date "2014.08.19"]
[Round "1.12"]
[White "Strebkovs, Andrejs"]
[Black "Dzierzak, Radoslaw"]
[Result "1-0"]
[WhiteElo "2339"]
[BlackElo "2006"]
[PlyCount "71"]
[EventDate "2014.??.??"]

1. Nf3 Nf6 2. c4 e6 3. g3 b6 4. Bg2 Bb7 5. O-O Be7 6. b3 O-O 7. Bb2 c5 8. e3 d5
9. Nc3 Nc6 10. cxd5 exd5 11. d4 Rc8 12. Ne5 cxd4 13. Nxc6 Bxc6 14. exd4 Ne4 15.
Ne2 Bb5 16. f3 Ng5 17. Rf2 Ne6 18. f4 Bf6 19. a4 Ba6 20. Qd2 Re8 21. h4 Re7 22.
f5 Rec7 23. fxe6 Rc2 24. exf7+ Kxf7 25. Qg5 Kg8 26. Qh5 Rxb2 27. Bxd5+ Kh8 28.
Nf4 g6 29. Nxg6+ Kg7 30. Nf4 Kh8 31. Ne6 Qd6 32. Rxb2 Qxg3+ 33. Rg2 Bxd4+ 34.
Nxd4 Qe3+ 35. Kh1 Qxd4 36. Rag1 1-0

[Event "XIX MIEDZYNARODOWY FESTIWAL SZACHOWY  KO"]
[Site "Rewal"]
[Date "2014.08.19"]
[Round "1.13"]
[White "Kasperek, Joanna"]
[Black "Lewtak, Damian"]
[Result "0-1"]
[WhiteElo "2003"]
[BlackElo "2336"]
[PlyCount "31"]
[EventDate "2014.??.??"]

1. e4 c5 2. Nf3 Nf6 3. e5 Nd5 4. c3 e6 5. d4 cxd4 6. cxd4 Nc6 7. Nc3 Nxc3 8.
bxc3 d6 9. Bb5 Bd7 10. O-O Nxe5 11. dxe5 Bxb5 12. Bg5 Qc7 13. Re1 Bc6 14. Bf4
Bxf3 15. Qxf3 d5 16. Qg3 0-1

[Event "XIX MIEDZYNARODOWY FESTIWAL SZACHOWY  KO"]
[Site "Rewal"]
[Date "2014.08.19"]
[Round "1.14"]
[White "Goluch, Piotr"]
[Black "Kumala, Aleksander"]
[Result "1-0"]
[WhiteElo "2253"]
[BlackElo "1984"]
[PlyCount "41"]
[EventDate "2014.??.??"]

1. e4 e5 2. Nf3 Nc6 3. Bc4 Nf6 4. d3 d5 5. exd5 Nxd5 6. O-O Bc5 7. Re1 O-O 8.
Nc3 Nxc3 9. bxc3 Qd6 10. Ng5 Bf5 11. Qf3 Bg6 12. Bd5 h6 13. Ne4 Bxe4 14. Qxe4
Rae8 15. Rb1 Bb6 16. Rb3 Na5 17. Rb1 Qc5 18. Be3 Qxc3 19. Bxh6 Qxc2 20. Rxb6
axb6 21. Qg6 1-0

[Event "XIX MIEDZYNARODOWY FESTIWAL SZACHOWY  KO"]
[Site "Rewal"]
[Date "2014.08.19"]
[Round "1.15"]
[White "Kosakowski, Jakub"]
[Black "Nester, Ihor"]
[Result "0-1"]
[WhiteElo "1950"]
[BlackElo "2247"]
[PlyCount "74"]
[EventDate "2014.??.??"]

1. e4 d6 2. d4 Nf6 3. Nc3 e5 4. Nf3 Nbd7 5. Bc4 Be7 6. O-O O-O 7. Qe2 c6 8. a4
a5 9. Rd1 Qc7 10. h3 Nb6 11. Bb3 Nfd7 12. Be3 exd4 13. Bxd4 Ne5 14. Ne1 Ng6 15.
f4 Kh8 16. Qf2 Nd7 17. g3 Nc5 18. Bxc5 dxc5 19. Kg2 Be6 20. Bxe6 fxe6 21. Nf3
h5 22. h4 Nxf4+ 23. gxf4 Rxf4 24. Ne2 Rg4+ 25. Kh3 Rf8 26. Qe3 e5 27. Rg1 Qc8
28. Kh2 Qe6 29. Raf1 Kg8 30. Ng3 Rff4 31. Nxh5 Rxh4+ 32. Nxh4 Rxh4+ 33. Kg2
Rxh5 34. Kf2 Rh3 35. Qc1 Bh4+ 36. Ke2 Qc4+ 37. Kd1 Rh2 0-1

[Event "XIX MIEDZYNARODOWY FESTIWAL SZACHOWY  KO"]
[Site "Rewal"]
[Date "2014.08.19"]
[Round "1.17"]
[White "Woloch, Oskar"]
[Black "Reza, Wojciech"]
[Result "0-1"]
[WhiteElo "1914"]
[BlackElo "2178"]
[PlyCount "22"]
[EventDate "2014.??.??"]

1. e4 c5 2. Nc3 Nc6 3. Bb5 g6 4. Bxc6 bxc6 5. d3 Bg7 6. f4 d6 7. Nf3 Nh6 8. O-O
f5 9. Kh1 O-O 10. e5 Nf7 11. Qe2 Qc7 0-1

[Event "XIX MIEDZYNARODOWY FESTIWAL SZACHOWY  KO"]
[Site "Rewal"]
[Date "2014.08.19"]
[Round "1.18"]
[White "Adamowicz, Katarzyna"]
[Black "Sliwicka, Alicja"]
[Result "1-0"]
[WhiteElo "2163"]
[BlackElo "1909"]
[PlyCount "43"]
[EventDate "2014.??.??"]

1. e4 c5 2. Nf3 e6 3. d4 cxd4 4. Nxd4 a6 5. Bd3 Nf6 6. O-O Qc7 7. Nc3 d6 8. Kh1
b5 9. f4 Be7 10. e5 Nfd7 11. exd6 Qxd6 12. Qf3 Nb6 13. Be3 b4 14. Ne4 Qc7 15.
f5 e5 16. f6 Bf8 17. fxg7 Bxg7 18. Nd6+ Kd7 19. N4f5 Nc6 20. Nxc8 Raxc8 21.
Nxg7 Rcf8 22. Bf5+ 1-0

[Event "XIX MIEDZYNARODOWY FESTIWAL SZACHOWY  KO"]
[Site "Rewal"]
[Date "2014.08.19"]
[Round "1.19"]
[White "Nun, Grzegorz"]
[Black "Renkowski, Piotr"]
[Result "1/2-1/2"]
[WhiteElo "1907"]
[BlackElo "2156"]
[PlyCount "63"]
[EventDate "2014.??.??"]

1. e4 e6 2. d3 d5 3. Nd2 c5 4. g3 Nc6 5. Bg2 d4 6. Ne2 e5 7. O-O Be6 8. f4 f6
9. Nf3 Bd6 10. fxe5 Nxe5 11. Nf4 Bg4 12. c3 Ne7 13. cxd4 cxd4 14. Qa4+ N7c6 15.
Nxe5 Bxe5 16. Qb3 Qb6 17. Qc4 Na5 18. Qa4+ Bd7 19. Qd1 O-O 20. Nd5 Qd6 21. b4
Nc6 22. Qb3 Be6 23. b5 Na5 24. Qa4 Qd8 25. Ba3 Rf7 26. Be7 Qe8 27. Bb4 Bxd5 28.
exd5 b6 29. Bxa5 bxa5 30. Qxa5 Rb8 31. a4 Rc7 32. Qd2 1/2-1/2

[Event "XIX MIEDZYNARODOWY FESTIWAL SZACHOWY  KO"]
[Site "Rewal"]
[Date "2014.08.19"]
[Round "1.20"]
[White "Lapaj, Mateusz"]
[Black "Spicak, Krzysztof"]
[Result "1-0"]
[WhiteElo "2135"]
[BlackElo "1902"]
[PlyCount "23"]
[EventDate "2014.??.??"]

1. d4 Nf6 2. Nc3 d5 3. Bg5 Nbd7 4. Qd3 g6 5. f3 Bg7 6. e4 dxe4 7. fxe4 O-O 8.
Nf3 c6 9. O-O-O Nb6 10. Be2 Be6 11. h4 Ng4 12. Rhf1 1-0

[Event "XIX MIEDZYNARODOWY FESTIWAL SZACHOWY  KO"]
[Site "Rewal"]
[Date "2014.08.19"]
[Round "1.21"]
[White "Smal, Tobiasz"]
[Black "Oszczanowski, Witold"]
[Result "1/2-1/2"]
[WhiteElo "1888"]
[BlackElo "2125"]
[PlyCount "20"]
[EventDate "2014.??.??"]

1. e4 e6 2. d4 d5 3. Nc3 Bb4 4. Nge2 dxe4 5. a3 Be7 6. Nxe4 Nd7 7. c4 Ngf6 8.
N2c3 O-O 9. Nxf6+ Nxf6 10. Be2 c5 1/2-1/2

[Event "XIX MIEDZYNARODOWY FESTIWAL SZACHOWY  KO"]
[Site "Rewal"]
[Date "2014.08.19"]
[Round "1.22"]
[White "Drill, Frank"]
[Black "Marczuk, Anna"]
[Result "1-0"]
[WhiteElo "2124"]
[BlackElo "1866"]
[PlyCount "69"]
[EventDate "2014.??.??"]

1. e4 c5 2. Nf3 d6 3. d4 cxd4 4. Nxd4 Nf6 5. Nc3 a6 6. f4 e5 7. Nf3 Nbd7 8. Bd3
b5 9. a3 Bb7 10. O-O Be7 11. Qe1 O-O 12. Kh1 Rc8 13. Bd2 Qc7 14. Nh4 Rfe8 15.
Nf5 Bf8 16. fxe5 Nxe5 17. Bg5 Nfd7 18. Qh4 Ng6 19. Qh5 Nc5 20. Rae1 Ne6 21. Bd2
Ne5 22. Re3 g6 23. Rg3 Kh8 24. Nh6 Bg7 25. Qe2 Rf8 26. Ng4 Nxg4 27. Qxg4 Nc5
28. Rh3 Qe7 29. Bg5 Qe5 30. Qh4 h5 31. Rf5 Qe6 32. Bf6 Bxf6 33. Rxh5+ Kg8 34.
Rh8+ Bxh8 35. Qxh8# 1-0

[Event "XIX MIEDZYNARODOWY FESTIWAL SZACHOWY  KO"]
[Site "Rewal"]
[Date "2014.08.19"]
[Round "1.23"]
[White "Kretzschmar, Arnd"]
[Black "Marczuk, Dominik"]
[Result "0-1"]
[WhiteElo "1860"]
[BlackElo "2091"]
[PlyCount "58"]
[EventDate "2014.??.??"]

1. d4 f5 2. c4 Nf6 3. Nf3 g6 4. g3 Bg7 5. Bg2 O-O 6. b4 d6 7. Qb3 h6 8. Bb2 Qe8
9. O-O g5 10. d5 Qf7 11. Nbd2 e5 12. dxe6 Bxe6 13. Nd4 Ne4 14. Bxe4 fxe4 15.
Nxe6 Qxe6 16. Bxg7 Kxg7 17. c5 d5 18. Rac1 Nc6 19. e3 Ne5 20. f4 exf3 21. e4
f2+ 22. Kg2 Nc4 23. Rxf2 Rxf2+ 24. Kxf2 Nxd2 25. Qc3+ Qf6+ 26. Qxf6+ Kxf6 27.
exd5 Ne4+ 28. Ke3 Ke5 29. Rf1 Nf6 0-1

[Event "XIX MIEDZYNARODOWY FESTIWAL SZACHOWY  KO"]
[Site "Rewal"]
[Date "2014.08.19"]
[Round "1.24"]
[White "Koziol, Kamil"]
[Black "Bilczewski, Kacper"]
[Result "1-0"]
[WhiteElo "2090"]
[BlackElo "1834"]
[PlyCount "73"]
[EventDate "2014.??.??"]

1. d4 d5 2. c4 c6 3. Nc3 Nf6 4. Nf3 e6 5. Bf4 Nbd7 6. e3 Be7 7. h3 O-O 8. Qc2
Qa5 9. Nd2 a6 10. Bd3 b5 11. c5 Qd8 12. O-O a5 13. a3 h6 14. b4 axb4 15. axb4
Ba6 16. Ra3 Qc8 17. Rfa1 Nh5 18. Bh2 f5 19. Nb3 Nhf6 20. Qa2 Bb7 21. Na5 Ne4
22. Bxe4 fxe4 23. Nxb7 Rxa3 24. Qxa3 Qxb7 25. Qa6 Qc8 26. Qxc8 Rxc8 27. Ra7 Rd8
28. Rc7 Kf7 29. Rxc6 Ra8 30. g4 Ra1+ 31. Kg2 Rc1 32. Nxb5 Rb1 33. Nd6+ Bxd6 34.
Rxd6 Ke7 35. c6 Nb6 36. c7 Nc8 37. Rd8 1-0

[Event "XIX MIEDZYNARODOWY FESTIWAL SZACHOWY  KO"]
[Site "Rewal"]
[Date "2014.08.19"]
[Round "1.25"]
[White "Gabrys, Sebastian"]
[Black "Adamowicz, Maciej"]
[Result "0-1"]
[WhiteElo "1813"]
[BlackElo "2083"]
[PlyCount "74"]
[EventDate "2014.??.??"]

1. e4 c5 2. Nf3 Nc6 3. d4 cxd4 4. Nxd4 g6 5. Nc3 Bg7 6. Be3 Nf6 7. Bc4 Qa5 8.
O-O O-O 9. Nd5 Nxd5 10. exd5 Ne5 11. Bb3 d6 12. h3 Qc7 13. Nb5 Qa5 14. a4 a6
15. Bd2 Qb6 16. Nc3 Qd4 17. Re1 Bf5 18. g4 Qxd2 19. Qxd2 Nf3+ 20. Kg2 Nxd2 21.
gxf5 Nxb3 22. cxb3 Bf6 23. fxg6 fxg6 24. Re2 Be5 25. Ne4 Rf5 26. Rc1 Kf7 27.
Rc7 Rb8 28. Nd2 Bf6 29. Ne4 Be5 30. Nd2 Ke8 31. Nf3 Kd8 32. Rc4 Bf6 33. Nd4
Rxd5 34. Ne6+ Kd7 35. Rc7+ Ke8 36. Rxe7+ Kxe7 37. Nc7+ Re5 0-1

[Event "XIX MIEDZYNARODOWY FESTIWAL SZACHOWY  KO"]
[Site "Rewal"]
[Date "2014.08.20"]
[Round "2.6"]
[White "Voloshin, Leonid"]
[Black "Drill, Frank"]
[Result "1-0"]
[WhiteElo "2403"]
[BlackElo "2124"]
[PlyCount "89"]
[EventDate "2014.??.??"]

1. Nf3 d6 2. d4 Bg4 3. e4 Nd7 4. Be2 c6 5. c4 e5 6. O-O Ngf6 7. Nc3 Be7 8. Be3
Qc7 9. Nd2 Bxe2 10. Qxe2 O-O 11. d5 Rfe8 12. Rfc1 Nf8 13. b4 h6 14. c5 N6d7 15.
cxd6 Qxd6 16. Nc4 Qg6 17. a3 Bg5 18. Na5 Rab8 19. dxc6 bxc6 20. Rd1 Nb6 21.
Bxg5 Qxg5 22. Nxc6 Rbc8 23. b5 Ne6 24. Qf3 a6 25. a4 Nxa4 26. Rxa4 axb5 27. Ra6
Rxc6 28. Rxc6 Nd4 29. Rxd4 exd4 30. Nd1 Qd2 31. g3 Qe1+ 32. Kg2 Rxe4 33. Rc8+
Re8 34. Rxe8+ Qxe8 35. Qd5 b4 36. Qxd4 Qc6+ 37. Kg1 Qc1 38. Qd8+ Kh7 39. Qd3+
g6 40. Qb3 Kg8 41. h4 h5 42. Kf1 Qd2 43. Ne3 Kf8 44. Nd5 Qc1+ 45. Kg2 1-0

[Event "XIX MIEDZYNARODOWY FESTIWAL SZACHOWY  KO"]
[Site "Rewal"]
[Date "2014.08.20"]
[Round "2.7"]
[White "Marczuk, Dominik"]
[Black "Meribanov, Vitaly"]
[Result "1/2-1/2"]
[WhiteElo "2091"]
[BlackElo "2395"]
[PlyCount "50"]
[EventDate "2014.??.??"]

1. e4 c5 2. Nf3 Nc6 3. Nc3 g6 4. d4 cxd4 5. Nxd4 Bg7 6. Be3 Nf6 7. Be2 O-O 8.
O-O d5 9. exd5 Nxd5 10. Nxd5 Qxd5 11. Bf3 Qc4 12. Nxc6 bxc6 13. c3 Be6 14. Be2
Qh4 15. Qc1 Bf6 16. Bf4 Rfd8 17. Qe3 Rd7 18. Rfd1 Rad8 19. Rxd7 Rxd7 20. Bf3
Rb7 21. g3 Qh3 22. Rd1 Bd5 23. Bxd5 cxd5 24. b3 Qh5 25. Re1 Kg7 1/2-1/2

[Event "XIX MIEDZYNARODOWY FESTIWAL SZACHOWY  KO"]
[Site "Rewal"]
[Date "2014.08.20"]
[Round "2.8"]
[White "Licznerski, Lukasz"]
[Black "Koziol, Kamil"]
[Result "1-0"]
[WhiteElo "2360"]
[BlackElo "2090"]
[PlyCount "97"]
[EventDate "2014.??.??"]

1. d4 Nf6 2. c4 g6 3. Nc3 d5 4. Nf3 Bg7 5. e3 O-O 6. b4 a5 7. b5 c5 8. bxc6
bxc6 9. Ba3 Ba6 10. Rc1 Nbd7 11. Na4 Re8 12. Be2 Nb6 13. Nxb6 Qxb6 14. O-O e6
15. Ne5 Ne4 16. Bd3 Red8 17. Qc2 Bxe5 18. dxe5 Nc5 19. Be2 Nb7 20. Be7 Rd7 21.
c5 Qc7 22. Bd6 Nxd6 23. exd6 Qc8 24. Bxa6 Rxa6 25. Rb1 Ra8 26. Rb6 Rb8 27. Rfb1
Rdb7 28. Qc3 a4 29. Qa5 Rxb6 30. Rxb6 Ra8 31. Qb4 Kg7 32. Rb7 Qd8 33. g3 a3 34.
Rc7 Qf6 35. Kg2 Qb2 36. Qf4 Rf8 37. d7 e5 38. Qf3 Rd8 39. Rxc6 e4 40. Qf4 Rxd7
41. Rb6 Rb7 42. Rxb7 Qxb7 43. Qd6 Qb5 44. Qxd5 Qe2 45. c6 Qc2 46. Qe5+ Kg8 47.
Qb8+ Kg7 48. c7 Qe2 49. Qd8 1-0

[Event "XIX MIEDZYNARODOWY FESTIWAL SZACHOWY  KO"]
[Site "Rewal"]
[Date "2014.08.20"]
[Round "2.9"]
[White "Adamowicz, Maciej"]
[Black "Strebkovs, Andrejs"]
[Result "1/2-1/2"]
[WhiteElo "2083"]
[BlackElo "2339"]
[PlyCount "53"]
[EventDate "2014.??.??"]

1. c4 c6 2. e4 d5 3. cxd5 cxd5 4. exd5 a6 5. Nc3 Nf6 6. Nf3 g6 7. d4 Bg7 8. a3
b5 9. Qb3 O-O 10. a4 bxa4 11. Nxa4 Qxd5 12. Bc4 Qe4+ 13. Be3 Nc6 14. Nc5 Qg4
15. O-O Rb8 16. Qa4 Nb4 17. Ne5 Qf5 18. Bd2 Nfd5 19. Ned7 Bxd7 20. Nxd7 Nc2 21.
Rac1 Nxd4 22. Nxb8 Rxb8 23. Be3 Nf4 24. Bxf4 Qxf4 25. Qa3 Rxb2 26. Qxe7 Bf8 27.
Qd8 1/2-1/2

[Event "XIX MIEDZYNARODOWY FESTIWAL SZACHOWY  KO"]
[Site "Rewal"]
[Date "2014.08.20"]
[Round "2.10"]
[White "Lewtak, Damian"]
[Black "Krainski, Slawomir"]
[Result "*"]
[WhiteElo "2336"]
[BlackElo "2033"]
[PlyCount "68"]
[EventDate "2014.??.??"]

1. e4 e5 2. Nf3 Nc6 3. Bb5 Nge7 4. c3 a6 5. Ba4 g6 6. O-O Bg7 7. d4 exd4 8.
cxd4 O-O 9. d5 Na5 10. Nc3 d6 11. Bc2 b5 12. Rb1 Bb7 13. Re1 Nc4 14. Ne2 c6 15.
b3 Ne5 16. Nxe5 Bxe5 17. Bg5 Re8 18. dxc6 Bxc6 19. Nd4 Bb7 20. Nf3 Bg7 21. b4
h6 22. Bf4 d5 23. e5 Nc6 24. Qd2 Qd7 25. h4 Qg4 26. Bg3 Rad8 27. Nh2 Qd4 28.
Qxd4 Nxd4 29. Bd3 Bc8 30. f4 Bf5 31. Bxf5 Nxf5 32. Bf2 h5 33. Nf3 Bh6 34. g3
Bf8 *

[Event "XIX MIEDZYNARODOWY FESTIWAL SZACHOWY  KO"]
[Site "Rewal"]
[Date "2014.08.20"]
[Round "2.11"]
[White "Smieszek, Wojciech"]
[Black "Goluch, Piotr"]
[Result "1/2-1/2"]
[WhiteElo "2031"]
[BlackElo "2253"]
[PlyCount "64"]
[EventDate "2014.??.??"]

1. e4 c6 2. d4 d5 3. Nc3 dxe4 4. Nxe4 Bf5 5. Ng3 Bg6 6. h4 h6 7. Nf3 Nd7 8. h5
Bh7 9. Bd3 Bxd3 10. Qxd3 Ngf6 11. Bd2 e6 12. Ne4 Nxe4 13. Qxe4 Nf6 14. Qe2 Qd5
15. Rh4 b5 16. a4 Bd6 17. axb5 cxb5 18. Ne5 O-O 19. Ng4 Nxg4 20. Rxg4 Kh8 21.
Re4 Rfc8 22. c3 a5 23. Qf3 b4 24. Re3 Qxf3 25. Rxf3 a4 26. cxb4 Rcb8 27. Rfa3
Bxb4 28. Rxa4 Bxd2+ 29. Kxd2 Rxb2+ 30. Ke3 Rab8 31. Ra8 Kg8 32. Rxb8+ Rxb8
1/2-1/2

[Event "XIX MIEDZYNARODOWY FESTIWAL SZACHOWY  KO"]
[Site "Rewal"]
[Date "2014.08.20"]
[Round "2.12"]
[White "Oszczanowski, Witold"]
[Black "Mirzoev, Azer"]
[Result "1/2-1/2"]
[WhiteElo "2125"]
[BlackElo "2550"]
[PlyCount "73"]
[EventDate "2014.??.??"]

1. e4 e6 2. d4 d5 3. Nc3 Bb4 4. e5 c5 5. a3 Ba5 6. b4 cxd4 7. Qg4 Kf8 8. Nb5
Bb6 9. Nf3 Nc6 10. Bd3 a6 11. Nbxd4 Nxd4 12. Nxd4 Qc7 13. O-O Qxe5 14. Bb2 Nf6
15. Qh4 h6 16. f4 Qh5 17. Qe1 Bd7 18. h3 Ne4 19. c4 Qg6 20. c5 Bc7 21. Nf3 f6
22. Nh4 Qe8 23. Bxe4 dxe4 24. Qxe4 Bc6 25. Ng6+ Kg8 26. Qc2 Rh7 27. Rae1 Qf7
28. f5 e5 29. Rd1 h5 30. a4 h4 31. Rb1 Rh5 32. Bc1 e4 33. Bf4 Rxf5 34. Bxc7
Rxf1+ 35. Rxf1 Qxg6 36. b5 Bd5 37. Rf2 1/2-1/2

[Event "XIX MIEDZYNARODOWY FESTIWAL SZACHOWY  KO"]
[Site "Rewal"]
[Date "2014.08.20"]
[Round "2.13"]
[White "Renkowski, Piotr"]
[Black "Smal, Tobiasz"]
[Result "1/2-1/2"]
[WhiteElo "2156"]
[BlackElo "1888"]
[PlyCount "49"]
[EventDate "2014.??.??"]

1. e4 c5 2. Nf3 d6 3. c3 Nf6 4. Be2 Nc6 5. d4 cxd4 6. cxd4 Nxe4 7. d5 Qa5+ 8.
Nc3 Nxc3 9. bxc3 Ne5 10. O-O Nxf3+ 11. Bxf3 Bf5 12. Re1 Qxc3 13. Bg5 h6 14.
Qa4+ Bd7 15. Qh4 hxg5 16. Qxh8 Qf6 17. Rac1 Qh6 18. Qxh6 gxh6 19. Rc7 Rb8 20.
Bh5 Kd8 21. Rec1 Bc6 22. R7xc6 bxc6 23. dxc6 Kc7 24. Bxf7 Bg7 25. Bb3 1/2-1/2

[Event "XIX MIEDZYNARODOWY FESTIWAL SZACHOWY  KO"]
[Site "Rewal"]
[Date "2014.08.20"]
[Round "2.14"]
[White "Kucza, Karol"]
[Black "Nun, Grzegorz"]
[Result "1-0"]
[WhiteElo "2074"]
[BlackElo "1907"]
[PlyCount "43"]
[EventDate "2014.??.??"]

1. e4 c5 2. Nf3 d6 3. d4 cxd4 4. Nxd4 Nf6 5. Nc3 a6 6. Be3 e6 7. f3 b5 8. Qd2
Bb7 9. O-O-O Nbd7 10. g4 h6 11. h4 b4 12. Na4 d5 13. Bh3 Qa5 14. b3 e5 15. Nf5
g6 16. g5 gxf5 17. gxf6 d4 18. Bxd4 exd4 19. Qxd4 Bc6 20. Bxf5 Rd8 21. Qc4 Qb5
22. Qe6+ 1-0

[Event "XIX MIEDZYNARODOWY FESTIWAL SZACHOWY  KO"]
[Site "Rewal"]
[Date "2014.08.20"]
[Round "2.15"]
[White "Kumala, Aleksander"]
[Black "Bures, Jaroslav"]
[Result "0-1"]
[WhiteElo "1984"]
[BlackElo "2410"]
[PlyCount "62"]
[EventDate "2014.??.??"]

1. d4 Nf6 2. Nf3 g6 3. g3 c5 4. c3 b6 5. dxc5 bxc5 6. e4 Bb7 7. e5 Ng4 8. h3
Nxe5 9. Nxe5 Bxh1 10. f3 Nc6 11. Ng4 Qb8 12. Bf4 Qxb2 13. Nd2 Bg7 14. Rb1 Qxc3
15. Rb3 Qa1 16. Rb1 Qd4 17. Be3 Qd6 18. Bf4 Qe6+ 19. Kf2 Bd4+ 20. Ne3 g5 21.
Bxg5 Qg6 22. Bh4 Qh6 23. Qb3 f5 24. Bc4 f4 25. Ne4 Bxe3+ 26. Ke1 fxg3 27. Qb7
Rd8 28. Qb3 g2 29. Bf2 g1=Q+ 30. Bxg1 Bxg1 31. Bg8 Qe3+ 0-1

[Event "XIX MIEDZYNARODOWY FESTIWAL SZACHOWY  KO"]
[Site "Rewal"]
[Date "2014.08.20"]
[Round "2.16"]
[White "Lopuszanski, Kamil"]
[Black "Khamidov, Komil"]
[Result "1/2-1/2"]
[WhiteElo "1929"]
[BlackElo "2082"]
[PlyCount "26"]
[EventDate "2014.??.??"]

1. d4 d6 2. c4 e5 3. Nc3 Bf5 4. Nf3 Nd7 5. e4 Bg6 6. Bd3 Be7 7. O-O Ngf6 8. Re1
O-O 9. Rb1 Re8 10. d5 a5 11. b3 Nh5 12. g3 h6 13. a3 Nf8 1/2-1/2

[Event "XIX MIEDZYNARODOWY FESTIWAL SZACHOWY  KO"]
[Site "Rewal"]
[Date "2014.08.20"]
[Round "2.17"]
[White "Sliwicka, Alicja"]
[Black "Puczylowski, Marcin"]
[Result "1-0"]
[WhiteElo "1909"]
[BlackElo "2068"]
[PlyCount "102"]
[EventDate "2014.??.??"]

1. e4 e5 2. Nf3 Nc6 3. Bc4 Bc5 4. c3 Nf6 5. d3 O-O 6. Nbd2 a6 7. Bb3 d6 8. h3
Ba7 9. Nf1 Nh5 10. Bc2 Nf4 11. Bxf4 exf4 12. Qd2 f5 13. O-O-O fxe4 14. dxe4 Qe7
15. N1h2 a5 16. Kb1 Kh8 17. Nd4 Ne5 18. Nf5 Qf7 19. Bb3 Qg6 20. Ne7 Qxg2 21.
Ng4 Bxg4 22. hxg4 Rae8 23. Rdg1 Qxg1+ 24. Rxg1 Rxe7 25. Rh1 Bc5 26. Qd1 g6 27.
f3 c6 28. a4 Rb8 29. Qd2 Rf8 30. Rh3 g5 31. Qh2 Rg7 32. Be6 Re8 33. Bf5 Ree7
34. b3 Kg8 35. Qh1 Nd7 36. Rh6 Ne5 37. Rf6 Nf7 38. Be6 Kf8 39. Qh5 b5 40. axb5
cxb5 41. Bxf7 Rexf7 42. Rxf7+ Rxf7 43. Qxg5 b4 44. Qd8+ Kg7 45. Qxa5 Ra7 46.
Qd8 bxc3 47. Qg5+ Kf7 48. Qxf4+ Ke7 49. Qg5+ Kd7 50. Qg7+ Ke6 51. Qxc3 Rf7 1-0

[Event "XIX MIEDZYNARODOWY FESTIWAL SZACHOWY  KO"]
[Site "Rewal"]
[Date "2014.08.20"]
[Round "2.18"]
[White "Sliwicki, Damian"]
[Black "Kosakowski, Jakub"]
[Result "1-0"]
[WhiteElo "2063"]
[BlackElo "1950"]
[PlyCount "49"]
[EventDate "2014.??.??"]

1. e4 c5 2. Nf3 d6 3. d4 cxd4 4. Qxd4 Nc6 5. Bb5 Bd7 6. Bxc6 Bxc6 7. Nc3 Nf6 8.
Bg5 e6 9. O-O-O Be7 10. Kb1 O-O 11. Rhe1 Qa5 12. Qd2 Qa6 13. Nd4 b5 14. Bxf6
Bxf6 15. Nxc6 Qxc6 16. Qxd6 Qb7 17. Qd7 Qb6 18. Qxb5 Qxf2 19. e5 Be7 20. Ne4
Qxg2 21. Qb7 Qxh2 22. Qxe7 Qxe5 23. Nc5 Qh5 24. Nd7 Rfc8 25. Nf6+ 1-0

[Event "XIX MIEDZYNARODOWY FESTIWAL SZACHOWY  KO"]
[Site "Rewal"]
[Date "2014.08.20"]
[Round "2.19"]
[White "Spicak, Krzysztof"]
[Black "Lewtak, Dominik"]
[Result "1-0"]
[WhiteElo "1902"]
[BlackElo "2060"]
[PlyCount "65"]
[EventDate "2014.??.??"]

1. Nf3 c5 2. c4 Nc6 3. Nc3 g6 4. d4 cxd4 5. Nxd4 Bg7 6. Nxc6 bxc6 7. e4 d6 8.
Be2 Nf6 9. O-O O-O 10. Bg5 Be6 11. Qd2 Qb6 12. Be3 Qb4 13. b3 Rfd8 14. Rac1 a5
15. Rfd1 Bg4 16. f3 Bd7 17. Na4 c5 18. Nc3 a4 19. Nb5 Qxd2 20. Bxd2 axb3 21.
axb3 Bxb5 22. cxb5 Nd7 23. b4 Ra2 24. bxc5 Bd4+ 25. Kf1 Bxc5 26. Bc4 Ra3 27.
Bg5 Kf8 28. Bd5 Ra5 29. Bh6+ Ke8 30. Bc6 Rb8 31. Rxc5 dxc5 32. Rxd7 Ra1+ 33.
Rd1# 1-0